LEADER 01015nam0-22003491i-450- 001 990003057260403321 005 20131219094038.0 010 $a88-204-2972-1 035 $a000305726 035 $aFED01000305726 035 $a(Aleph)000305726FED01 035 $a000305726 100 $a20030910d1988----km-y0itay50------ba 101 0 $aita 102 $aIT 200 1 $a<>economia politica della cooperazione internazionale$fC.Bradford...[et al.]$ga cura di Paolo Guerrieri, Pier Carlo Padoan. 210 $aMilano$cFranco Angeli$d1988. 215 $a230 p.$d21 cm 225 1 $aEconomia$v365.21 676 $aO/1.0 676 $aO/1.340 702 1$aGuerrieri,$bPaolo$f<1947- > 702 1$aPadoan,$bPier Carlo 801 0$aIT$bUNINA$gRICA$2UNIMARC 901 $aBK 912 $a990003057260403321 952 $aISVE F01.46$fDECTS 952 $aO/1340 ECO$b7143$fSES 959 $aDECTS 959 $aSES 996 $aEconomia politica della cooperazione internazionale$9465855 997 $aUNINA LEADER 01116nam0-2200349---450- 001 990009390740403321 005 20110704160335.0 035 $a000939074 035 $aFED01000939074 035 $a(Aleph)000939074FED01 035 $a000939074 100 $a20110704d1968----km-y0itay50------ba 101 0 $ager$aeng 102 $aDE 105 $aa-------001yy 200 1 $aAtlas des Mittel- und Zwischenhirns des Kaninchens$d= Atlas of the mes- and diencephalon of the rabbit$fLieselotte Gerhard 210 $aBerlin [etc.]$cSpringer-Verlag$d1968 215 $a183 p.$cill.$d35 cm 510 1 $aAtlas of the mes- and diencephalon of the rabbit 610 0 $aConigli$aAnatomia$aAtlanti 610 0 $aMesencefalo$aConigli$aAtlanti 610 0 $aDiencefalo$aConigli$aAtlanti 610 0 $aConigli$aAnatomia 676 $a573.86 700 1$aGerhard,$bLieselotte$0511778 801 0$aIT$bUNINA$gRICA$2UNIMARC 901 $aBK 912 $a990009390740403321 952 $aIIIc D 20$bs.i.$fDMVSF 959 $aDMVSF 996 $aAtlas des Mittel- und Zwischenhirns des Kaninchens$9764033 997 $aUNINA